Discurso de recepción del académico José Estevez y Martínez ante la Academia Gaditana de Ciencias y Artes el 3 de agosto de 1884, sobre el origen y progresos de la ciencia económica. (Record no. 53443)

MARC details
000 -LEADER
campo de control de longitud fija 00667nam a22001815i 4500
001 - NÚMERO DE CONTROL
campo de control 53443
003 - IDENTIFICADOR DE NÚMERO DE CONTROL
campo de control ES-MaACL
005 - FECHA Y HORA DE LA ÚLTIMA TRANSACCIÓN
campo de control 20230906162752.0
007 - CAMPO FIJO DE DESCRIPCIÓN FÍSICA--INFORMACIÓN GENERAL
campo de control de longitud fija t|
008 - DATOS DE LONGITUD FIJA--INFORMACIÓN GENERAL
campo de control de longitud fija 950927s1884 sp ||||1| spa d
040 ## - FUENTE DE CATALOGACIÓN
Centro catalogador/agencia de origen CAM
Lengua de catalogación spa
Centro/agencia transcriptor CAM
100 1# - ENTRADA PRINCIPAL--NOMBRE DE PERSONA
Nombre de persona Estévez y Martínez, José.
9 (RLIN) 48172
245 10 - MENCIÓN DEL TÍTULO
Título Discurso de recepción del académico José Estevez y Martínez ante la Academia Gaditana de Ciencias y Artes el 3 de agosto de 1884, sobre el origen y progresos de la ciencia económica.
260 ## - PUBLICACIÓN, DISTRIBUCIÓN, ETC.
Lugar de publicación, distribución, etc. Cádiz :
Nombre del editor, distribuidor, etc. [s.n.],
Fecha de publicación, distribución, etc. 1884 (
Fabricante Olea)
300 ## - DESCRIPCIÓN FÍSICA
Extensión 48 p. ;
Dimensiones 20 cm.
710 2# - ENTRADA AGREGADA--NOMBRE DE ENTIDAD CORPORATIVA
Nombre de entidad corporativa o nombre de jurisdicción como elemento de entrada Real Academia Gaditana de Ciencias y Letras.
9 (RLIN) 6340
852 ## - LOCALIZACIÓN
Ubicación ES-MaACL
Número de control de estantería T-423-F-10
Holdings
Estatus retirado Estado de pérdida Estado de daño No para préstamo Colección Biblioteca de origen Biblioteca actual Ubicación en estantería Fecha de adquisición Fuente de adquisición Total de préstamos Signatura topográfica completa Código de barras Visto por última vez Precio de reemplazo Tipo de ítem Koha
        Colección de folletos Biblioteca del Ateneo de Madrid Biblioteca del Ateneo de Madrid Depósito folletos 17/01/2008     T-423-F-10 1056156 23/02/2023 23/02/2023 Folleto